[Event "EU-ch Seniors 11th"]
[Site "Courmayeur"]
[Date "2011.04.11"]
[Round "6"]
[White "Pintauro, Antonello"]
[Black "Schiappacasse, Marcello"]
[Result "1-0"]
[WhiteElo "1616"]
[BlackElo "1896"]
[PlyCount "35"]
[EventDate "2011.04.06"]
[EventType "swiss"]
[EventRounds "9"]
[EventCountry "ITA"]
[SourceTitle "CBM 141 Extra"]
[Source "ChessBase"]
[SourceDate "2011.05.03"]
[SourceVersion "1"]
[SourceVersionDate "2011.05.03"]
[SourceQuality "1"]

1. d4 Nf6 2. c4 e6 3. a3 d5 4. Bg5 Be7 5. e3 Nbd7 6. Nc3 h6 7. Bh4 0-0 8. Bd3 c5 9. cxd5 cxd4 10. exd4 exd5 11. Nf3 Re8 12. 0-0 Nf8 13. Re1 a6 14. h3 Be6 15. Rc1 Rc8 16. Bb1 Ne4 17. Bxe7 Nxc3 18. Bxd8 1-0